| 000 | 00308nam a22001097a 4500 | ||
|---|---|---|---|
| 008 | 230623b xxu||||| |||| 00| 0 eng d | ||
| 082 |
_22 _a330.92 _bHAZ 1960 |
||
| 245 | _aColonialism and Underdevelopment in East Africa | ||
| 260 |
_aLondon _bOxford University Press _c1960 |
||
| 300 | _aXI,156p | ||
| 942 |
_2ddc _cBK |
||
| 999 |
_c2537 _d2537 |
||